[Event "Challenge"]
[Site "http://www.queenalice.com/game.php?id=1189722"]
[Date "2013.6.10"]
[Round "-"]
[White "Balrog"]
[Black "Shigeru"]
[Result "0-1"]
[WhiteElo "1898"]
[BlackElo "1573"]

1. e4 c5 2. Bc4 a6 3. a3 e6 4. Nf3 d5 5. exd5 exd5 6. Ba2 Nf6 7. d3 Be7 8. Nc3
Bg4 9. Bd2 Nc6 10. Ne2 Bxf3 11. gxf3 Qb6 12. Rg1 g6 13. Rb1 O-O 14. Ng3 Bd6 15.
f4 Rfe8+ 16. Kf1 Qc7 17. f5 Bf4 18. fxg6 hxg6 19. h3 Nd4 20. Nh5 Nxh5 21. Qxh5
Bxd2 22. Bxd5 Kg7 23. Qg4 Re2 24. Rg2 Rae8 25. Be4 Re5 26. c3 Rg5 27. cxd4 Rxg4
28. Rxg4 Rxe4 29. Rxe4 Qh2 30. Rd1 Qxh3+ 31. Ke2 Bh6 32. Rg1 cxd4 33. Reg4 Qh5
34. Rg2 Qb5 0-1

[Event "Challenge"]
[Site "http://www.queenalice.com/game.php?id=1189723"]
[Date "2013.6.10"]
[Round "-"]
[White "Shigeru"]
[Black "q_u_i_n_t_e_t"]
[Result "1-0"]
[WhiteElo "1963"]
[BlackElo "2063"]

1. e4 e5 2. Nf3 Nc6 3. Bc4 h6 4. d4 exd4 5. c3 dxc3 6. Qb3 Qe7 7. Nxc3 Na5 8.
Qa4 Nxc4 9. Qxc4 Qc5 10. Qd3 Be7 11. O-O Nf6 12. e5 Nh7 13. Be3 Qa5 14. Bd2 Qa6
15. Qe4 Ng5 16. Nxg5 Bxg5 17. Nd5 Bd8 18. Bb4 Qe6 19. Rfe1 a5 20. Ba3 Ra6 21.
Qf3 b5 22. Bd6 cxd6 23. exd6 O-O 24. Rxe6 fxe6 25. Ne7+ Bxe7 26. dxe7 Rxf3 27.
e8=Q+ Rf8 28. Qh5 Rf5 29. Qe2 Rc6 30. Rd1 Rfc5 31. h3 1-0

[Event "Challenge"]
[Site "http://www.queenalice.com/game.php?id=1189724"]
[Date "2013.6.10"]
[Round "-"]
[White "q_u_i_n_t_e_t"]
[Black "Shigeru"]
[Result "1-0"]
[WhiteElo "2049"]
[BlackElo "2000"]

1. e4 c5 2. Bc4 a6 3. Nf3 e6 4. d4 cxd4 5. Qxd4 Nc6 6. Qd1 b5 7. Bd3 Qc7 8. Ng5
h6 9. Nf3 Bb7 10. O-O Nf6 11. a3 Ng4 12. h3 h5 13. Nbd2 Bc5 14. Nb3 Ba7 15. a4
bxa4 16. Rxa4 Qg3 17. hxg4 hxg4 18. Be3 Bxe3 19. fxe3 gxf3 20. Qxf3 Qh2+ 21. Kf2
Ne5 22. Qf4 Nxd3+ 23. cxd3 Qh5 24. Ra5 d5 25. Nc5 Rc8 26. Qd6 Qh4+ 27. Ke2 Qg4+
28. Ke1 Rd8 29. Qc7 1-0

[Event "Challenge"]
[Site "http://www.queenalice.com/game.php?id=1190913"]
[Date "2013.6.14"]
[Round "-"]
[White "Shigeru"]
[Black "hacamarguinho"]
[Result "1-0"]
[WhiteElo "2007"]
[BlackElo "1784"]

1. e4 e5 2. Nf3 Nc6 3. Bc4 Be7 4. d4 d6 5. O-O Nf6 6. d5 Na5 7. Be2 Bg4 8. c4 b6
9. h3 Bxf3 10. Bxf3 Nxc4 11. Qa4+ 1-0

[Event "Challenge"]
[Site "http://www.queenalice.com/game.php?id=1190920"]
[Date "2013.6.14"]
[Round "-"]
[White "Shigeru"]
[Black "adrielfilho"]
[Result "0-1"]
[WhiteElo "1996"]
[BlackElo "1835"]

1. e4 e5 2. Nf3 Nc6 3. Bc4 Nf6 4. Ng5 d5 5. exd5 Nxd5 6. Nxf7 Kxf7 7. Qf3+ Ke6
8. Nc3 Nb4 9. a3 Nxc2+ 10. Kd1 Nd4 11. Bxd5+ Kd7 12. Qg3 Qf6 13. d3 c6 14. Bg5
Qg6 15. Be4 Qe6 16. Rb1 Kc7 17. b4 Nf5 18. Bxf5 Qxf5 19. Re1 Bd6 20. Ne4 Re8 21.
Rb2 Bf8 22. d4 h6 23. Bd2 Re6 24. Nc5 Bxc5 25. Rxe5 Rxe5 26. bxc5 Qg4+ 27. Qxg4
Bxg4+ 0-1

[Event "Challenge"]
[Site "http://www.queenalice.com/game.php?id=1190921"]
[Date "2013.6.14"]
[Round "-"]
[White "adrielfilho"]
[Black "Shigeru"]
[Result "1-0"]
[WhiteElo "1811"]
[BlackElo "2014"]

1. d4 Nf6 2. Bg5 Ne4 3. Bf4 c5 4. dxc5 Nxc5 5. Nf3 d6 6. e3 e5 7. Bg5 Qb6 8. b3
Ne4 9. Qd5 Qb4+ 10. Nbd2 Nc3 11. Qd3 e4 12. Qd4 Nc6 13. Qxb4 Nxb4 14. Nd4 Be7
15. Bxe7 Kxe7 16. a3 Nbd5 17. Bc4 Be6 18. Bxd5 Bxd5 19. Nf5+ Kd7 20. Nxg7 Rhg8
21. Nh5 Rxg2 22. Ng3 1-0

[Event "Challenge"]
[Site "http://www.queenalice.com/game.php?id=1190922"]
[Date "2013.6.14"]
[Round "-"]
[White "Shigeru"]
[Black "chuckvondra"]
[Result "0-1"]
[WhiteElo "1780"]
[BlackElo "2051"]

1. e4 c5 2. Nf3 d6 3. d4 cxd4 4. Nxd4 Nc6 5. Nxc6 bxc6 6. c4 Nf6 7. Nc3 g6 8.
Qc2 Bg7 9. Bf4 O-O 10. O-O-O Be6 11. Kb1 Rb8 12. f3 Nd7 13. Bc1 Nc5 14. Ka1 Qa5
15. Bd3 Rb3 16. Bd2 Rfb8 17. Rb1 R8b6 0-1

[Event "Challenge"]
[Site "http://www.queenalice.com/game.php?id=1190923"]
[Date "2013.6.14"]
[Round "-"]
[White "chuckvondra"]
[Black "Shigeru"]
[Result "0-1"]
[WhiteElo "2084"]
[BlackElo "1979"]

1. e4 c5 2. Nf3 d6 3. Bc4 e6 4. Nc3 a6 5. O-O b5 6. Be2 Nf6 7. d3 Be7 8. a3 Nc6
9. Bf4 O-O 10. d4 cxd4 11. Nb1 e5 12. Bg5 Nxe4 13. Bxe7 Qxe7 14. Nbd2 f5 15. c3
dxc3 16. bxc3 Be6 17. Qc2 Nxd2 18. Qxd2 f4 19. Rad1 Rad8 20. Bd3 d5 21. Bc2 e4
22. Nd4 Ne5 23. Nxe6 Qxe6 24. Bb3 Nd3 25. Bc2 f3 26. gxf3 Nf4 27. Bb3 Qg6+ 0-1

[Event "Challenge"]
[Site "http://www.queenalice.com/game.php?id=1190931"]
[Date "2013.6.14"]
[Round "-"]
[White "LAIRE"]
[Black "Shigeru"]
[Result "1-0"]
[WhiteElo "2165"]
[BlackElo "1923"]

1. d4 Nf6 2. c4 e6 3. Nc3 Bb4 4. e3 c5 5. Bd3 cxd4 6. exd4 d5 7. Ne2 dxc4 8.
Bxc4 O-O 9. O-O Nbd7 10. Bg5 Qc7 11. Bb3 Nb6 12. Rc1 Qe7 13. Ne4 Rd8 14. Qc2 Bd7
15. Qc7 Bc6 16. Qxe7 Bxe7 17. Nxf6+ Bxf6 18. Bxf6 gxf6 19. Rfd1 Rd7 20. Nf4 Rad8
21. Nh5 Rxd4 22. Nxf6+ Kg7 23. Nh5+ Kh6 24. Ng3 Rd2 25. Nf1 Rxd1 26. Rxd1 Rxd1
27. Bxd1 Na4 28. Bxa4 Bxa4 29. Ne3 Bb5 30. f4 Kg6 31. Kf2 h5 32. g3 Kf6 33. Ke1
e5 34. Kd2 exf4 35. gxf4 Ke6 36. Kc3 Kd6 37. Kd4 a6 38. h4 Be2 39. Ke4 b5 40.
Kf5 Kc5 41. Ke5 a5 42. f5 b4 43. Ke4 a4 44. a3 1-0

[Event "Challenge"]
[Site "http://www.queenalice.com/game.php?id=1190934"]
[Date "2013.6.14"]
[Round "-"]
[White "Shigeru"]
[Black "Esvir"]
[Result "0-1"]
[WhiteElo "2009"]
[BlackElo "1936"]

1. e4 e5 2. Nf3 d6 3. d4 exd4 4. Nxd4 c5 5. Nb3 Nc6 6. Nc3 Nf6 7. Be2 Be7 8. O-O
O-O 9. Be3 Ne5 10. h3 Be6 11. f4 Nc4 12. Bxc4 Bxc4 13. Rf2 b5 14. e5 dxe5 15.
Rd2 Qc7 16. fxe5 Qxe5 17. Qf3 b4 18. Bf4 Qf5 19. g4 Qe6 20. Na4 Bd5 21. Qf1 Ne4
22. Re1 Qc6 0-1

[Event "Challenge"]
[Site "http://www.queenalice.com/game.php?id=1190935"]
[Date "2013.6.14"]
[Round "-"]
[White "Esvir"]
[Black "Shigeru"]
[Result "1-0"]
[WhiteElo "1955"]
[BlackElo "2017"]

1. d4 Nf6 2. c4 e6 3. a3 c5 4. d5 d6 5. Nc3 exd5 6. cxd5 g6 7. e4 Bg7 8. Nf3 a6
9. Bg5 h6 10. Bh4 O-O 11. Be2 Nbd7 12. O-O g5 13. Bg3 Qe7 14. Nd2 Ne5 15. f4
gxf4 16. Bxf4 Bg4 17. h3 Bxe2 18. Qxe2 Rac8 19. Nf3 Nfd7 20. Nxe5 Nxe5 21. Nd1
c4 22. Ne3 Qf6 23. Nf5 Rfd8 24. Qh5 c3 25. bxc3 Rxc3 26. Bxh6 Bh8 27. Bg5 1-0

[Event "Challenge"]
[Site "http://www.queenalice.com/game.php?id=1190938"]
[Date "2013.6.14"]
[Round "-"]
[White "serrato987"]
[Black "Shigeru"]
[Result "1-0"]
[WhiteElo "2003"]
[BlackElo "1936"]

1. e4 c5 2. Nf3 d6 3. d4 cxd4 4. Nxd4 Nf6 5. Nc3 a6 6. f3 e6 7. Bg5 Qc7 8. Qd2
b5 9. a3 Bb7 10. Rd1 Nbd7 11. Nb3 Be7 12. Be2 d5 13. exd5 Nxd5 14. Bxe7 Nxe7 15.
Qd6 Qxd6 16. Rxd6 Nf5 17. Rd3 Ne5 18. Rd2 Ne3 19. Nc5 Bc6 20. Kf2 N5c4 21. Rd3
Nd5 22. N3e4 Nxb2 23. Rb3 1-0

[Event "Challenge"]
[Site "http://www.queenalice.com/game.php?id=1190939"]
[Date "2013.6.14"]
[Round "-"]
[White "Shigeru"]
[Black "serrato987"]
[Result "0-1"]
[WhiteElo "1950"]
[BlackElo "1989"]

1. e4 e5 2. Nf3 Nc6 3. Bc4 Nf6 4. Ng5 d5 5. exd5 Na5 6. Bb5+ c6 7. dxc6 bxc6 8.
Be2 h6 9. Nf3 e4 10. Ne5 Qd4 11. f4 Bc5 12. Rf1 Qd6 13. c3 Nb7 14. b4 Bb6 15.
Na3 Nd5 16. Nac4 Qf6 17. Qa4 Nd8 18. b5 Bb7 19. bxc6 Bxc6 20. Nxc6 Nxc6 21. Nxb6
Nxb6 22. Qxe4+ Qe6 23. Bf3 Rc8 24. Qxe6+ fxe6 25. Ba3 Nc4 26. Bc5 a6 0-1

[Event "Challenge"]
[Site "http://www.queenalice.com/game.php?id=1190940"]
[Date "2013.6.14"]
[Round "-"]
[White "Shigeru"]
[Black "denisaugusto09"]
[Result "1-0"]
[WhiteElo "1999"]
[BlackElo "1850"]

1. e4 e5 2. Nf3 d6 3. d4 f6 4. Bc4 Nc6 5. Nc3 Bg4 6. h3 Bh5 7. g4 Bg6 8. Be6
exd4 9. Nxd4 Nxd4 10. Qxd4 Qe7 11. Nd5 Qd8 12. Qc4 c6 13. Bxg8 cxd5 14. Bxd5 Rc8
15. Qa4+ Qd7 16. Qb3 Bf7 17. Be3 Bxd5 18. exd5 b6 19. O-O-O Qe7 20. Rhe1 Kf7 21.
Bd4 Qd8 22. g5 fxg5 23. Qf3+ Kg8 24. Re6 b5 25. Rde1 g4 26. Qf5 gxh3 27. R6e3 h2
28. Qe6# 1-0

[Event "Challenge"]
[Site "http://www.queenalice.com/game.php?id=1190941"]
[Date "2013.6.14"]
[Round "-"]
[White "denisaugusto09"]
[Black "Shigeru"]
[Result "0-1"]
[WhiteElo "1824"]
[BlackElo "2007"]

1. e4 c5 2. Nf3 d6 3. Nc3 a6 4. Bc4 e6 5. d4 cxd4 6. Qxd4 Nc6 7. Qe3 Nf6 8. h3
Be7 9. O-O O-O 10. Bd3 Qc7 11. Ng5 d5 12. exd5 exd5 13. Qg3 Bd6 14. Qh4 h6 15.
Nxd5 Nxd5 16. Nh7 Be7 17. Qe4 Rd8 18. Re1 Be6 19. c4 Nf6 20. Nxf6+ Bxf6 21. Qh7+
Kf8 22. b3 Nb4 23. Ba3 Qc5 24. Be4 a5 25. Rad1 Rxd1 26. Rxd1 Ke7 27. Bxb7 Bf5
28. Rd5 Qxd5 29. Bxd5 Bxh7 30. Bxa8 Bb1 31. c5 Bxa2 32. Bxb4 axb4 33. Bd5 Bd4
34. c6 f6 35. Be6 Kxe6 36. c7 Kd7 0-1

[Event "Challenge"]
[Site "http://www.queenalice.com/game.php?id=1190942"]
[Date "2013.6.14"]
[Round "-"]
[White "Shigeru"]
[Black "squarsh"]
[Result "0-1"]
[WhiteElo "2003"]
[BlackElo "2016"]

1. e4 d5 2. exd5 Qxd5 3. Nc3 Qa5 4. Bc4 Bf5 5. d4 c6 6. Bd2 Qc7 7. Nf3 e6 8. Qe2
Be7 9. Ne5 Nf6 10. g4 Bg6 11. f4 Nbd7 12. O-O-O Nd5 13. Bxd5 cxd5 14. Nxd5 exd5
15. Nxg6 hxg6 16. Bb4 Nf6 0-1

[Event "Challenge"]
[Site "http://www.queenalice.com/game.php?id=1190943"]
[Date "2013.6.14"]
[Round "-"]
[White "squarsh"]
[Black "Shigeru"]
[Result "1-0"]
[WhiteElo "2011"]
[BlackElo "2016"]

1. e4 c5 2. Bc4 e6 3. Nf3 a6 4. a3 d5 5. exd5 exd5 6. Ba2 Nf6 7. O-O Be7 8. d3
Nc6 9. Bf4 Bg4 10. Nbd2 Nh5 11. Bg3 Nxg3 12. fxg3 Qd6 13. c3 h5 14. Qe2 h4 15.
Qf2 h3 16. Nh4 O-O-O 17. Qxf7 Bxh4 18. gxh4 hxg2 19. Rf2 Ne5 20. Qxg7 Rdg8 21.
Qf6 Be6 22. Ne4 Nf3+ 23. Rxf3 dxe4 24. Bxe6+ 1-0

[Event "Challenge"]
[Site "http://www.queenalice.com/game.php?id=1190944"]
[Date "2013.6.14"]
[Round "-"]
[White "Shigeru"]
[Black "Arwan"]
[Result "1-0"]
[WhiteElo "1878"]
[BlackElo "1875"]

1. e4 e5 2. Nf3 Nc6 3. Bc4 Nf6 4. Ng5 d5 5. exd5 Nxd5 6. Nxf7 Kxf7 7. Qf3+ Ke6
8. Nc3 Nd4 9. Bxd5+ Kd6 10. Qd1 c6 11. Be4 Be6 12. O-O Qf6 13. d3 Rd8 14. f4 Kc7
15. fxe5 Qxe5 16. Bf4 1-0

[Event "Challenge"]
[Site "http://www.queenalice.com/game.php?id=1190945"]
[Date "2013.6.14"]
[Round "-"]
[White "Arwan"]
[Black "Shigeru"]
[Result "0-1"]
[WhiteElo "1886"]
[BlackElo "1990"]

1. e4 c5 2. Nf3 d6 3. d4 cxd4 4. Nxd4 Nf6 5. Nc3 a6 6. Be3 e6 7. Bd3 Be7 8. O-O
Qc7 9. a3 O-O 10. Qd2 b5 11. b4 Bb7 12. Nf3 Rc8 13. Ne2 Bxe4 14. Nfd4 Qb7 15.
Ng3 Bxg2 16. Rfe1 Bh3 17. f4 Nbd7 18. Qf2 Nb6 19. Bf1 Bxf1 20. Rxf1 Nbd5 21. Qf3
Rc3 22. Rfe1 Bd8 23. Qf2 Ng4 24. Qd2 Ngxe3 25. Ne4 Rac8 26. Nxd6 Qb8 27. Nxc8
Qxc8 28. Ra2 e5 29. Ne2 Qg4+ 30. Ng3 Bb6 31. Qe2 Nd1+ 32. Kh1 Nf2+ 33. Kg1 Rxg3+
34. hxg3 Qxg3+ 0-1

[Event "Challenge"]
[Site "http://www.queenalice.com/game.php?id=1193346"]
[Date "2013.6.22"]
[Round "-"]
[White "Shigeru"]
[Black "gedalias"]
[Result "0-1"]
[WhiteElo "2008"]
[BlackElo "2040"]

1. e4 Nf6 2. e5 Ne4 3. d3 Nc5 4. d4 Na4 5. c4 Nb6 6. a4 a5 7. d5 e6 8. Nf3 exd5
9. cxd5 Bb4+ 10. Bd2 Nxd5 11. Qb3 Bxd2+ 12. Nbxd2 Nb4 13. Bc4 O-O 14. Ne4 Qe7
15. O-O d6 16. Rfe1 dxe5 17. Neg5 N8c6 18. Bxf7+ Rxf7 19. Nxe5 Nxe5 20. Rxe5 Be6
21. Nxe6 h6 22. Rae1 Qf6 23. Qg3 Ra6 24. Nc5 Ra8 25. Re8+ Rxe8 26. Rxe8+ Kh7 27.
Re6 Qf5 28. Qe3 b6 29. Ne4 Nd5 30. Qh3 Qxh3 31. gxh3 Nf4 0-1

[Event "Challenge"]
[Site "http://www.queenalice.com/game.php?id=1193347"]
[Date "2013.6.22"]
[Round "-"]
[White "gedalias"]
[Black "Shigeru"]
[Result "0-1"]
[WhiteElo "2047"]
[BlackElo "1931"]

1. e4 c5 2. Nf3 d6 3. Bb5+ Nd7 4. O-O Nf6 5. e5 dxe5 6. Nxe5 a6 7. Bxd7+ Nxd7 8.
Re1 Nxe5 9. Rxe5 Qd6 10. Qe1 g6 11. d3 Bg7 12. Re2 O-O 13. c3 Bf5 14. Be3 Bxd3
15. Rd2 c4 16. a4 f5 17. Na3 b5 18. axb5 axb5 19. Nxb5 Rxa1 20. Qxa1 Qb8 21. Na3
f4 22. Bc5 f3 23. Bxe7 Qf4 24. Qe1 Qg4 0-1